Llanto de los Pirineos (Record no. 50416)

MARC details
000 -LEADER
campo de control de longitud fija 01378cam a2200313 c 4500
001 - NÚMERO DE CONTROL
campo de control 50416
003 - IDENTIFICADOR DE NÚMERO DE CONTROL
campo de control ES-MaACL
005 - FECHA Y HORA DE LA ÚLTIMA TRANSACCIÓN
campo de control 20260408132105.0
008 - DATOS DE LONGITUD FIJA--INFORMACIÓN GENERAL
campo de control de longitud fija 900725s1919 sp p spa
016 7# - NÚMERO DE CONTROL DE UNA AGENCIA BIBLIOGRÁFICA NACIONAL
Número de control del registro bimoBNE19972318329
Número de control cancelado/no válido IND9100200868
Fuente SpMaBN
035 ## - NÚMERO DE CONTROL DEL SISTEMA
Número de control de sistema (OCoLC)431264558
035 ## - NÚMERO DE CONTROL DEL SISTEMA
Número de control de sistema (SpMaBN)bimo0000748868
040 ## - FUENTE DE CATALOGACIÓN
Centro catalogador/agencia de origen SpMaBN
Lengua de catalogación spa
Centro/agencia transcriptor A2
Centro/agencia modificador SpMaBN
080 ## - NÚMERO DE LA CLASIFICACIÓN DECIMAL UNIVERSAL
Número de la Clasificación Decimal Universal 821.134.2-14"19"
100 1# - ENTRADA PRINCIPAL--NOMBRE DE PERSONA
Nombre de persona Quadra Salcedo, Fernando de la
Fechas asociadas al nombre 1889-1936
9 (RLIN) 41881
245 10 - MENCIÓN DEL TÍTULO
Título Llanto de los Pirineos
Mención de responsabilidad, etc. por Fernando de la Quadra Salcedo
260 ## - PUBLICACIÓN, DISTRIBUCIÓN, ETC.
Lugar de publicación, distribución, etc. [S.l.]
Nombre del editor, distribuidor, etc. [s.n.]
Fecha de publicación, distribución, etc. 1919
Lugar de fabricación/manufactura Madrid
Fabricante Imp. del Patronato de Huérfanos de Intendencia e Intervención Militares
300 ## - DESCRIPCIÓN FÍSICA
Extensión 64 p.
Dimensiones 15 cm
336 ## - TIPO DE CONTENIDO
Término de tipo de contenido Texto (visual)
Fuente isbdcontent
337 ## - TIPO DE MEDIO
Nombre/término del tipo de medio sin mediación
Fuente isbdmedia
655 #7 - TERMINO DE INDIZACIÓN--GENERO/FORMA
Datos o término principal de género/forma Poesías elegíacas
Fuente del término tgfbne
9 (RLIN) 239927
852 ## - LOCALIZACIÓN
Ubicación ES-MaACL
Ubicación en estantería Depósito folletos
Número de control de estantería 1578-F-2
Nota libre Revisado enlace: 31 de Marzo de 2025
itemnumber 52335
856 4# - LOCALIZACIÓN Y ACCESO ELECTRÓNICOS
Texto de enlace Fundación Sancho el Sabio
Identificador Uniforme de Recursos <a href="https://www.euskalmemoriadigitala.eus/handle/10357/6689">https://www.euskalmemoriadigitala.eus/handle/10357/6689</a>
942 ## - ELEMENTOS DE ENTRADA SECUNDARIOS (KOHA)
Fuente del sistema de clasificación o colocación Clasificación decimal universal
956 ## - LOCALIZACIÓN Y ACCESO ELECTRÓNICOS LOCAL (OCLC)
Nombre del host 1 2
980 ## - EQUIVALENCIA O REFERENCIA-CRUZADA-MENCIÓN DE SERIE--NOMBRE DE PERSONA/TÍTULO [LOCAL, CANADÁ]
Títulos y otros términos asociados al nombre Estuvo depositado para su estudio en el Servicio de Valoración, y posteriormente se incorporó a la colección de la BNE
Nombre de persona Encuadernación en holandesa
-- SpMaBN
Numeración BNMADRID
Calificador de atribución VC/726/4
Títulos y otros términos asociados al nombre SG_RECOLET
980 ## - EQUIVALENCIA O REFERENCIA-CRUZADA-MENCIÓN DE SERIE--NOMBRE DE PERSONA/TÍTULO [LOCAL, CANADÁ]
Nombre de persona Encuadernación en rústica
-- SpMaBN
Numeración BNALCALA
Calificador de atribución DL/1305043
Fechas asociadas al nombre VC/726/4
Títulos y otros términos asociados al nombre CONSERVACI
Holdings
Estatus retirado Estado de pérdida Estado de daño No para préstamo Colección Biblioteca de origen Biblioteca actual Ubicación en estantería Fecha de adquisición Fuente de adquisición Total de préstamos Signatura topográfica completa Código de barras Visto por última vez Precio de reemplazo Tipo de ítem Koha
        Colección de folletos Biblioteca del Ateneo de Madrid Biblioteca del Ateneo de Madrid Depósito folletos 17/01/2008     1578-F-2 1053031 23/02/2023 23/02/2023 Folleto